Olfaction in mosquito-host interactions/ (Record no. 7158)

MARC details
000 -LEADER
fixed length control field 00629nam a22002057a 4500
003 - CONTROL NUMBER IDENTIFIER
control field OSt
005 - DATE AND TIME OF LATEST TRANSACTION
control field 20201125113723.0
008 - FIXED-LENGTH DATA ELEMENTS--GENERAL INFORMATION
fixed length control field 201125b ||||| |||| 00| 0 eng d
020 ## - INTERNATIONAL STANDARD BOOK NUMBER
International Standard Book Number 1-471-96362-3
040 ## - CATALOGING SOURCE
Original cataloging agency DDC
Language of cataloging English
Transcribing agency DDC
Modifying agency TSSD
082 ## - DEWEY DECIMAL CLASSIFICATION NUMBER
Classification number 614.4323 OLF
245 ## - TITLE STATEMENT
Title Olfaction in mosquito-host interactions/
Statement of responsibility, etc. (edited by) Bock R. gregory, Gail Cardew
260 ## - PUBLICATION, DISTRIBUTION, ETC. (IMPRINT)
Place of publication, distribution, etc. Chchester:
Name of publisher, distributor, etc. John Wiley & sons,
Date of publication, distribution, etc. c1996
300 ## - PHYSICAL DESCRIPTION
Extent x,331p. :
Other physical details ills.;
Dimensions 19cm
504 ## - BIBLIOGRAPHY, ETC. NOTE
Bibliography, etc Include bibliographical references and indexes
650 ## - SUBJECT ADDED ENTRY--TOPICAL TERM
Form subdivision Mosquito control
700 ## - ADDED ENTRY--PERSONAL NAME
Fuller form of name Gregory, Bock R.
720 ## - ADDED ENTRY--UNCONTROLLED NAME
Name Cardew, Gail
942 ## - ADDED ENTRY ELEMENTS (KOHA)
Source of classification or shelving scheme Dewey Decimal Classification
Koha item type Book
Holdings
Withdrawn status Lost status Source of classification or shelving scheme Damaged status Not for loan Home library Current library Shelving location Date acquired Source of acquisition Inventory number Total Checkouts Full call number Barcode Date last seen Price effective from Koha item type
    Dewey Decimal Classification     Main Library West Wing Main Library West Wing General Stacks 25/11/2020 UNSW 0037839   614.4323 OLF GU-MLW20110431 25/11/2020 25/11/2020 Book

Gulu University Library | Gulu University P.O. Box : 166 Gulu, Uganda
Tel : +256-(0) 4714-32924 or +256-(0) 4714-33988 or +256-(0) 4714-32094 / E-mail : library@gu.ac.ug